000 01620ncm0a2200397 4500
001 RU\NLR\DIGIT\113114
005 20190311173004.0
035 _a(NLR Aleph) 010170658
090 _a10130887
_c10130887
100 _a20111206d1980 m y0rusy50 ca
101 _arus
_aeng
102 _aRU
135 _acoco 024apabr
200 1 _a93-й год
_eОпера в 3-х д.
_fЛибретто Т. Крамаровой; По одноим. роману В. Гюго
210 _aЛенинград
_cСов. комп.
_d1980
215 _a336 с.
_d29 см
300 _aКлавир
300 _aКраткое содерж. оперы: с. 6-7
300 _aН. д. 717
300 _aРус., англ.; лит. текст рус.
300 _aБиогр. справка: с. 5
325 _aКопия доступна в Электрон. б-ке РНБ http://vivaldi.nlr.ru/bn000010431/view
700 1 _aБелов
_bГ. Г.
_f1939-
_gГеннадий Григорьевич
_4230
702 _aГюго
_bВ.
_gВиктор
_4570
702 1 _aКрамарова
_bТ.
_4480
801 2 _aRU
_bNLR
_c20111206
_2rusmarc
852 _aNLR
_j№ МОЭ 38314
856 0 _uhttp://vivaldi.nlr.ru/bn000010431/view
856 1 _uhttp://vivaldi.nlr.ru/bn000010431/cover
856 2 _uhttp://vivaldi.nlr.ru/bn000010431/text
942 _cSCORE
980 _aNB
981 3 6 _a(36) Цифровой репозиторий РНБ
981 2 4 _a(24) Нотные издания и аудиозаписи
_b(24) Оперы, оперетты
_bЛибретто